000 01045nam a2200277 i 4500
001 66772
003 ES-MaACL
005 20230906165827.0
007 t|
008 030530s2003 sp ||||0| spa d
020 _a84-96102-02-5
080 _a75 Cortés Moreno, Hernán (083.824)
080 _a929(460)"19"(0:75)(083.824)
100 1 _aCortés Moreno, Hernán.
_940894
245 1 3 _aEl retrato como problema pictórico
_b: [exposición] del 10 de abril al 8 de junio de 2003, Conde Duque Centro Cultural /
_cCortés.
260 _a[Madrid] :
_bCentro Cultural Conde Duque,
_c[2003]
300 _a163 p. :
_bil. col. y n. ;
_c30 cm.
600 1 4 _aCortés Moreno, Hernán-
_vExposiciones.
_940895
650 4 _aEspañoles-
_yS.XX-
_xRetratos-
_vExposiciones.
_912482
650 4 _aPintura de retrato-
_zEspaña-
_vExposiciones.
_9144218
655 7 _2tgfbne
_9193628
_aCatálogos de exposiciones
710 2 _aCentro Cultural del Conde Duque.
_92579
852 _aES-MaACL
_jL-27265
942 _2udc
999 _c66772
_d66772